[Event "Oberliga Ost A"]
[Site "?"]
[Date "2022.04.03"]
[Round "11.1"]
[White "Hovsepyan, Vardan"]
[Black "Collini, Carsten"]
[Result "1/2-1/2"]
[WhiteElo "2240"]
[BlackElo "2112"]
[PlyCount "127"]
[EventDate "2021.10.10"]
[EventType "team-tourn"]
[EventCountry "GER"]
[WhiteTeam "Hoyerswerda FVS ASP"]
[BlackTeam "Leipzig VfB"]
[WhiteTeamCountry "GER"]
[BlackTeamCountry "GER"]

1. e4 e5 2. Nf3 d6 3. d4 Nf6 4. Nc3 Nbd7 5. Bc4 Be7 6. O-O O-O 7. h3 c6 8. a4
Qc7 9. Ba2 b6 10. Qe2 a5 11. dxe5 dxe5 12. Bc4 Nc5 13. Nh4 Ne6 14. Nf5 Nd4 15.
Nxd4 exd4 16. Nd1 Re8 17. Bg5 Qe5 18. Bxf6 Bxf6 19. Bd3 Qf4 20. g3 Qh6 21. h4
Bh3 22. f4 Bxf1 23. Qxf1 Be7 24. Qf3 Rac8 25. Nf2 g6 26. Bc4 Rf8 27. Qb3 Rb8
28. Ng4 Qg7 29. Ne5 Bc5 30. Kg2 b5 31. axb5 cxb5 32. Bxb5 Bb4 33. Qd3 Rbd8 34.
Nd7 Rxd7 35. Bxd7 Rd8 36. Bb5 Qf6 37. Bc4 Kg7 38. Bd5 Qb6 39. Qc4 Rd7 40. Rd1
Rc7 41. Qd3 a4 42. Kh3 Bc5 43. Qc4 Qxb2 44. Qxa4 Bb6 45. Bb3 Qc3 46. Qb5 Bc5
47. Qe2 h5 48. Rd3 Qa1 49. Kh2 Ra7 50. Kg2 Qb2 51. e5 Ra1 52. Rd1 Rxd1 53. Qxd1
Qc3 54. f5 Qe3 55. fxg6 fxg6 56. e6 Bd6 57. Qf3 Qxf3+ 58. Kxf3 Kf6 59. g4 hxg4+
60. Kxg4 Ke5 61. Kg5 Be7+ 62. Kxg6 Bxh4 63. Bc4 Kd6 64. Kf7 1/2-1/2

[Event "Oberliga Ost A"]
[Site "?"]
[Date "2022.04.03"]
[Round "11.3"]
[White "Boehm, Robert"]
[Black "Just, Wolfgang"]
[Result "0-1"]
[WhiteElo "2145"]
[BlackElo "2075"]
[PlyCount "108"]
[EventDate "2021.10.10"]
[EventType "team-tourn"]
[EventCountry "GER"]
[WhiteTeam "Hoyerswerda FVS ASP"]
[BlackTeam "Leipzig VfB"]
[WhiteTeamCountry "GER"]
[BlackTeamCountry "GER"]

1. Nf3 e6 2. d4 f5 3. g3 Nf6 4. Bg2 d5 5. O-O Bd6 6. c4 c6 7. b3 O-O 8. Ba3
Bxa3 9. Nxa3 Nbd7 10. Qc2 Ne4 11. Rad1 Ndf6 12. Ne5 Bd7 13. Nb1 Qc7 14. Nd2
Nxd2 15. Qxd2 Be8 16. Bf3 Rd8 17. Qb2 g5 18. cxd5 exd5 19. Qc2 Ne4 20. Qc1 Qg7
21. b4 a6 22. Bg2 f4 23. Qc2 Bg6 24. Nxg6 Qxg6 25. Bxe4 dxe4 26. gxf4 Rxf4 27.
Qb3+ Rd5 28. f3 Kg7 29. Qe3 Rdf5 30. fxe4 Rxe4 31. Qd3 Rg4+ 32. Kh1 Rxf1+ 33.
Rxf1 Qxd3 34. exd3 Rxd4 35. Rb1 Rxd3 36. a4 h5 37. b5 axb5 38. axb5 g4 39. bxc6
bxc6 40. Rb7+ Kg6 41. Rc7 Rc3 42. Kg2 Kg5 43. Rg7+ Kh4 44. Re7 Rc2+ 45. Kg1 c5
46. Re5 g3 47. hxg3+ Kxg3 48. Rg5+ Kf3 49. Rxh5 Rc1+ 50. Kh2 c4 51. Re5 c3 52.
Re8 Rd1 53. Rc8 Rd2+ 54. Kh3 c2 0-1

[Event "Oberliga Ost A"]
[Site "?"]
[Date "2022.04.03"]
[Round "11.4"]
[White "Schoen, Florian"]
[Black "Grohmann, Alexander"]
[Result "1/2-1/2"]
[WhiteElo "1643"]
[BlackElo "1961"]
[PlyCount "57"]
[EventDate "2021.10.10"]
[EventType "team-tourn"]
[EventCountry "GER"]
[WhiteTeam "Leipzig VfB"]
[BlackTeam "Hoyerswerda FVS ASP"]
[WhiteTeamCountry "GER"]
[BlackTeamCountry "GER"]

1. e4 c5 2. Nc3 a6 3. a4 e6 4. f4 g6 5. e5 d5 6. exd6 Qxd6 7. g3 Nf6 8. Nf3 Nc6
9. Bg2 Bg7 10. O-O O-O 11. b3 Rd8 12. Bb2 Bd7 13. d3 Be8 14. Qe2 Nd4 15. Qf2
Ng4 16. Qd2 Bc6 17. Nh4 Nf5 18. Nxf5 exf5 19. Rae1 Bd4+ 20. Kh1 Re8 21. Nd1 Re6
22. Rxe6 Qxe6 23. Re1 Bxg2+ 24. Kxg2 Qc6+ 25. Kh3 g5 26. fxg5 Qg6 27. Kg2 Qc6+
28. Kh3 Qg6 29. Kg2 1/2-1/2

[Event "Oberliga Ost A"]
[Site "?"]
[Date "2022.04.03"]
[Round "11.5"]
[White "Heyme, Sibylle"]
[Black "Englert, Luca"]
[Result "0-1"]
[WhiteElo "1996"]
[BlackElo "1660"]
[PlyCount "80"]
[EventDate "2021.10.10"]
[EventType "team-tourn"]
[EventCountry "GER"]
[WhiteTeam "Hoyerswerda FVS ASP"]
[BlackTeam "Leipzig VfB"]
[WhiteTeamCountry "GER"]
[BlackTeamCountry "GER"]

1. e4 c5 2. Nf3 d6 3. d4 cxd4 4. Nxd4 Nf6 5. Nc3 a6 6. Be3 e5 7. Nb3 Be6 8. Be2
Be7 9. O-O O-O 10. f4 exf4 11. Bxf4 Nc6 12. Kh1 b5 13. Bf3 Ne5 14. Nd4 Qd7 15.
Nxe6 Qxe6 16. Nd5 Nxd5 17. exd5 Qf5 18. Be2 Qd7 19. a4 Bf6 20. c3 Ng6 21. Bg3
Be5 22. Bxe5 dxe5 23. axb5 axb5 24. Rxa8 Rxa8 25. Qb3 Nf4 26. Bf3 Ra4 27. Qd1
e4 28. Bg4 Qd6 29. b3 Ra2 30. c4 e3 31. Re1 Rd2 32. Qa1 Nxg2 33. Re2 Rxe2 34.
Bxe2 Nf4 35. Qa2 f5 36. Bf3 Qe5 37. Qa8+ Kf7 38. Qb7+ Kg6 39. Qb6+ Kg5 40. d6
Qa1+ 0-1

[Event "Oberliga Ost A"]
[Site "?"]
[Date "2022.04.03"]
[Round "11.6"]
[White "Gerhardt, Dirk"]
[Black "Graf, Roland"]
[Result "0-1"]
[WhiteElo "1814"]
[BlackElo "2096"]
[PlyCount "96"]
[EventDate "2021.10.10"]
[EventType "team-tourn"]
[EventCountry "GER"]
[WhiteTeam "Leipzig VfB"]
[BlackTeam "Hoyerswerda FVS ASP"]
[WhiteTeamCountry "GER"]
[BlackTeamCountry "GER"]

1. d4 Nf6 2. Nf3 g6 3. c4 Bg7 4. Nc3 d5 5. e3 O-O 6. b3 c5 7. Bb2 Nc6 8. Be2
cxd4 9. Nxd4 Ne5 10. cxd5 Nxd5 11. O-O Nxc3 12. Bxc3 Bd7 13. Rc1 Rc8 14. Ba1
Qa5 15. a4 Rfd8 16. Rxc8 Rxc8 17. h3 a6 18. Qb1 Nc6 19. Rd1 Nxd4 20. Bxd4 Bxd4
21. Rxd4 Be6 22. Qd1 Qc3 23. Rd3 Qb2 24. Rd8+ Rxd8 25. Qxd8+ Kg7 26. Bc4 Bxc4
27. bxc4 Qa1+ 28. Kh2 Qa3 29. Qd4+ f6 30. c5 Qb3 31. e4 Qe6 32. Qd5 Qe5+ 33.
Qxe5 fxe5 34. Kg3 Kf6 35. Kf3 Ke6 36. Ke3 Kd7 37. Kd3 Kc6 38. Kc4 a5 39. h4 h6
40. h5 gxh5 41. g3 h4 42. gxh4 h5 43. f3 e6 44. Kd3 Kxc5 45. Ke3 b5 46. f4 bxa4
47. f5 a3 48. f6 Kd6 0-1

[Event "Oberliga Ost A"]
[Site "?"]
[Date "2022.04.03"]
[Round "11.7"]
[White "Schuh, Ruediger"]
[Black "Alvermann, Christian"]
[Result "1-0"]
[WhiteElo "2031"]
[BlackElo "1820"]
[PlyCount "35"]
[EventDate "2021.10.10"]
[EventType "team-tourn"]
[EventCountry "GER"]
[WhiteTeam "Hoyerswerda FVS ASP"]
[BlackTeam "Leipzig VfB"]
[WhiteTeamCountry "GER"]
[BlackTeamCountry "GER"]

1. d4 Nf6 2. c4 g6 3. Nc3 Bg7 4. e4 d6 5. h3 Nbd7 6. Bg5 O-O 7. Qd2 c5 8. d5
Qa5 9. a4 a6 10. Nf3 Re8 11. Bd3 Ne5 12. Nxe5 dxe5 13. O-O Bd7 14. f4 h6 15.
Bh4 exf4 16. e5 Nh7 17. Qxf4 f5 18. exf6 1-0

[Event "Oberliga Ost A"]
[Site "?"]
[Date "2022.04.03"]
[Round "11.8"]
[White "Thiergen, Sven"]
[Black "Nestler, Reiner"]
[Result "1/2-1/2"]
[WhiteElo "2046"]
[BlackElo "2094"]
[PlyCount "154"]
[EventDate "2021.10.10"]
[EventType "team-tourn"]
[EventCountry "GER"]
[WhiteTeam "Leipzig VfB"]
[BlackTeam "Hoyerswerda FVS ASP"]
[WhiteTeamCountry "GER"]
[BlackTeamCountry "GER"]

1. e4 d6 2. d4 Nf6 3. Nc3 g6 4. Be2 Bg7 5. h4 c5 6. dxc5 Qa5 7. Qd3 Qxc5 8. Be3
Qa5 9. Qb5+ Qxb5 10. Nxb5 Na6 11. f3 b6 12. O-O-O O-O 13. g4 h5 14. g5 Nd7 15.
Nh3 Bb7 16. Nf4 Nb4 17. a3 Nc6 18. Nd5 Rfd8 19. Rhf1 Bf8 20. f4 Kg7 21. f5 Nce5
22. fxg6 Bxd5 23. Rxd5 Kxg6 24. Rd2 Rdc8 25. Bd4 Nc5 26. Nc3 Ne6 27. Bxe5 dxe5
28. Ba6 Rd8 29. Rdf2 Rd4 30. Rxf7 Nf4 31. Rf5 Bg7 32. Nd5 Nxd5 33. exd5 Rxh4
34. Rf7 e4 35. Rxe7 Bd4 36. d6 Be3+ 37. Kd1 Bxg5 38. Re6+ Kg7 39. Bb7 Rd8 40.
Bxe4 Bf4 41. Rg6+ Kh8 42. Bd3 Rxd6 43. Rxf4 Rxd3+ 44. cxd3 Rxf4 45. Rh6+ Kg7
46. Rxh5 Kf6 47. b4 Rd4 48. Kc2 Rd7 49. Kc3 Ke6 50. Kc4 Rc7+ 51. Kb3 Kd6 52.
Rh6+ Kd5 53. Rh4 Kd6 54. Rd4+ Ke7 55. Rc4 Rb7 56. d4 Kd6 57. Rc8 b5 58. Kc3 Rh7
59. Kb3 Rh3+ 60. Rc3 Rh4 61. Rd3 Kd5 62. Kc3 Rh7 63. Rg3 Kd6 64. Rg6+ Kd7 65.
d5 Rh3+ 66. Kd4 Rxa3 67. Kc5 a5 68. Rg7+ Kc8 69. bxa5 Rxa5 70. Kc6 Ra6+ 71.
Kxb5 Rh6 72. Re7 Kd8 73. Ra7 Rg6 74. Kc5 Rh6 75. Rf7 Rg6 76. d6 Rg1 77. Rf4 Kd7
1/2-1/2

[Event "Oberliga Ost A"]
[Site "?"]
[Date "2022.04.03"]
[Round "11.1"]
[White "Strache, Michael"]
[Black "Natsidis, Christoph"]
[Result "1/2-1/2"]
[WhiteElo "2302"]
[BlackElo "2345"]
[PlyCount "22"]
[EventDate "2021.10.10"]
[EventType "team-tourn"]
[EventCountry "GER"]
[WhiteTeam "Sangerhausen SV"]
[BlackTeam "Leipzig SG"]
[WhiteTeamCountry "GER"]
[BlackTeamCountry "GER"]

1. c4 c5 2. Nf3 Nf6 3. g3 d5 4. cxd5 Nxd5 5. Bg2 Nc6 6. Nc3 Nc7 7. O-O e5 8. a3
Rb8 9. Rb1 f6 10. d3 Be7 11. Be3 Be6 1/2-1/2

[Event "Oberliga Ost A"]
[Site "?"]
[Date "2022.04.03"]
[Round "11.2"]
[White "Richter, Leonard"]
[Black "Hellwig, Tobias"]
[Result "1-0"]
[WhiteElo "2298"]
[BlackElo "2228"]
[PlyCount "53"]
[EventDate "2021.10.10"]
[EventType "team-tourn"]
[EventCountry "GER"]
[WhiteTeam "Leipzig SG"]
[BlackTeam "Sangerhausen SV"]
[WhiteTeamCountry "GER"]
[BlackTeamCountry "GER"]

1. e4 Nf6 2. e5 Nd5 3. d4 d6 4. Nf3 dxe5 5. Nxe5 g6 6. c4 Nf6 7. Nc3 Bg7 8. Be2
O-O 9. O-O Nbd7 10. Nf3 Nb6 11. h3 c6 12. Be3 Bf5 13. Qb3 Qc8 14. a4 Qc7 15. a5
Nc8 16. Rfd1 h5 17. d5 Ne4 18. Nxe4 Bxe4 19. Nd4 Nd6 20. f3 c5 21. Nb5 Nxb5 22.
Qxb5 Bf5 23. Bxc5 Bxb2 24. d6 Qc8 25. dxe7 Re8 26. Rd8 Bxa1 27. Qxe8+ 1-0

[Event "Oberliga Ost A"]
[Site "?"]
[Date "2022.04.03"]
[Round "11.3"]
[White "Heyder, Florian"]
[Black "Nguyen, Alex Dac Vuong"]
[Result "1/2-1/2"]
[WhiteElo "2215"]
[BlackElo "2305"]
[PlyCount "189"]
[EventDate "2021.10.10"]
[EventType "team-tourn"]
[EventCountry "GER"]
[WhiteTeam "Sangerhausen SV"]
[BlackTeam "Leipzig SG"]
[WhiteTeamCountry "GER"]
[BlackTeamCountry "GER"]

1. e4 e6 2. d4 d5 3. Nc3 Nf6 4. Bg5 Bb4 5. e5 h6 6. Be3 Ne4 7. Qg4 g6 8. Bd3
Nxc3 9. a3 Ba5 10. Bd2 c5 11. bxc3 b6 12. Nf3 Ba6 13. Bxa6 Nxa6 14. O-O Rc8 15.
Qf4 cxd4 16. cxd4 Bxd2 17. Qxd2 Nb8 18. h4 Qc7 19. Rfc1 Qc3 20. Qf4 Nc6 21. Qf6
Rh7 22. Qf4 Kd7 23. Rab1 Na5 24. Nh2 g5 25. Qg4 Rg8 26. h5 Rc8 27. Rd1 Qxc2 28.
Rbc1 Qxc1 29. Rxc1 Rxc1+ 30. Nf1 Nc4 31. Qe2 b5 32. g3 f5 33. Kg2 Kc6 34. Ne3
Nxe3+ 35. Qxe3 Rc4 36. g4 Rf7 37. Qd3 Kb6 38. Kg1 a5 39. Kg2 Rf8 40. Kg1 Rf7
41. Kg2 a4 42. Kg1 b4 43. axb4 Ra7 44. Qa3 fxg4 45. b5 Kxb5 46. Qb2+ Rb4 47.
Qc3 Rc4 48. Qb2+ Kc6 49. Qb8 Ra6 50. Qe8+ Kb7 51. Qe7+ Rc7 52. Qb4+ Ka7 53. Qa3
g3 54. fxg3 Rc8 55. Qe7+ Kb8 56. Qb4+ Ka8 57. Qa3 Kb7 58. Qe7+ Ka8 59. Qa3 g4
60. Kg2 Rb8 61. Kf2 Ra5 62. Ke2 Ka7 63. Kd2 Ka6 64. Kc2 Rb3 65. Qd6+ Rb6 66.
Qa3 Kb7 67. Qe7+ Ka8 68. Qd8+ Ka7 69. Qe7+ Rb7 70. Qa3 Rf7 71. Kc1 Rc7+ 72. Kd2
Ra6 73. Ke2 Kb7 74. Qb4+ Ka7 75. Qa3 Kb7 76. Qb4+ Rb6 77. Qxa4 Rc4 78. Qd7+ Ka6
79. Ke3 Rb3+ 80. Ke2 Rb2+ 81. Ke3 Rb3+ 82. Ke2 Rb6 83. Ke3 Ka5 84. Qa7+ Ra6 85.
Qb7 Rb6 86. Qa7+ Ra6 87. Qb7 Rb4 88. Qg7 Kb5 89. Qxh6 Raa4 90. Qxe6 Rxd4 91.
Qd7+ Kc5 92. Qc7+ Kb5 93. Qd7+ Kc5 94. Qc7+ Kb5 95. Qd7+ 1/2-1/2

[Event "Oberliga Ost A"]
[Site "?"]
[Date "2022.04.03"]
[Round "11.4"]
[White "Heistermann, Till"]
[Black "Guenther, Christian"]
[Result "1/2-1/2"]
[WhiteElo "2195"]
[BlackElo "2146"]
[PlyCount "45"]
[EventDate "2021.10.10"]
[EventType "team-tourn"]
[EventCountry "GER"]
[WhiteTeam "Leipzig SG"]
[BlackTeam "Sangerhausen SV"]
[WhiteTeamCountry "GER"]
[BlackTeamCountry "GER"]

1. d4 Nf6 2. Nf3 d5 3. Bf4 Bf5 4. e3 e6 5. Nbd2 Bd6 6. Bg3 O-O 7. c4 c6 8. Qb3
Bxg3 9. hxg3 Qb6 10. Be2 Nbd7 11. Rc1 Ne4 12. Qxb6 axb6 13. a3 h6 14. O-O Rfd8
15. Nxe4 Bxe4 16. Rfd1 dxc4 17. Bxc4 b5 18. Nd2 bxc4 19. Nxe4 b5 20. Kf1 Kf8
21. g4 Ke7 22. f3 Nf6 23. Nxf6 1/2-1/2

[Event "Oberliga Ost A"]
[Site "?"]
[Date "2022.04.03"]
[Round "11.5"]
[White "Richter, Dustin"]
[Black "Roesemann, Rainer"]
[Result "1-0"]
[WhiteElo "2145"]
[BlackElo "2262"]
[PlyCount "107"]
[EventDate "2021.10.10"]
[EventType "team-tourn"]
[EventCountry "GER"]
[WhiteTeam "Sangerhausen SV"]
[BlackTeam "Leipzig SG"]
[WhiteTeamCountry "GER"]
[BlackTeamCountry "GER"]

1. c4 c5 2. e3 g6 3. Nf3 Bg7 4. d4 Nf6 5. Be2 O-O 6. O-O cxd4 7. Nxd4 Nc6 8.
Nc3 Nxd4 9. exd4 d5 10. Bf4 dxc4 11. Bxc4 b6 12. Be5 Bb7 13. Qb3 Rc8 14. Rfd1
Ng4 15. Bg3 Nf6 16. d5 Nh5 17. Bh4 Qc7 18. Bf1 Be5 19. h3 Rfe8 20. Kh1 h6 21.
Nb5 Qb8 22. d6 exd6 23. Bc4 Rf8 24. Be7 Bxg2+ 25. Kg1 Qb7 26. Bxd6 Bh1 27. f3
Rxc4 28. Kxh1 Rc3 29. Qd5 Ng3+ 30. Kg1 Ne2+ 31. Kf1 Ng3+ 32. Kg1 Ne2+ 33. Kf2
Qxd5 34. Rxd5 Rc2 35. Rxe5 Nf4+ 36. Ke3 Ng2+ 37. Kd3 Rfc8 38. Re2 Rxe2 39. Kxe2
Rc2+ 40. Kd3 Rxb2 41. Nxa7 g5 42. Nc6 f5 43. Nd4 f4 44. a3 Kf7 45. Kc3 Rf2 46.
Rb1 Nh4 47. Rxb6 Nxf3 48. Bc5 Nxd4 49. Kxd4 h5 50. Ke5 Rf1 51. Kf5 Rd1 52. Rf6+
Ke8 53. Kxg5 Rd3 54. h4 1-0

[Event "Oberliga Ost A"]
[Site "?"]
[Date "2022.04.03"]
[Round "11.6"]
[White "Kalkhof, Stefan"]
[Black "Buerckner, Georg"]
[Result "1-0"]
[WhiteElo "2197"]
[BlackElo "2039"]
[PlyCount "49"]
[EventDate "2021.10.10"]
[EventType "team-tourn"]
[EventCountry "GER"]
[WhiteTeam "Leipzig SG"]
[BlackTeam "Sangerhausen SV"]
[WhiteTeamCountry "GER"]
[BlackTeamCountry "GER"]

1. f4 d5 2. Nf3 Nf6 3. g3 e6 4. Bg2 Bd6 5. d3 Nbd7 6. O-O O-O 7. Nc3 c6 8. e4
dxe4 9. dxe4 Bc5+ 10. Kh1 b6 11. Nd4 Ba6 12. Re1 e5 13. Nxc6 Qc8 14. fxe5 Qxc6
15. exf6 Nxf6 16. e5 Bb7 17. Rg1 Rad8 18. Qe2 Nd5 19. Nxd5 Rxd5 20. c4 Bxg1 21.
Bxd5 Bc5 22. Qf3 Rd8 23. Bxc6 Rd1+ 24. Qxd1 Bxc6+ 25. Qd5 1-0

[Event "Oberliga Ost A"]
[Site "?"]
[Date "2022.04.03"]
[Round "11.8"]
[White "Rausch, Stephan"]
[Black "Lehnert, Stefan"]
[Result "1/2-1/2"]
[WhiteElo "2285"]
[BlackElo "1803"]
[PlyCount "64"]
[EventDate "2021.10.10"]
[EventType "team-tourn"]
[EventCountry "GER"]
[WhiteTeam "Leipzig SG"]
[BlackTeam "Sangerhausen SV"]
[WhiteTeamCountry "GER"]
[BlackTeamCountry "GER"]

1. d4 Nf6 2. Nf3 e6 3. Bg5 Be7 4. c3 h6 5. Bh4 O-O 6. Nbd2 d5 7. e3 b6 8. Ne5
Ne4 9. Bxe7 Qxe7 10. Nxe4 dxe4 11. Qc2 Bb7 12. g3 Nd7 13. Bg2 Nf6 14. Nc4 Ba6
15. Nd2 Bd3 16. Qb3 c5 17. Qa3 Qc7 18. Nb3 Rac8 19. dxc5 bxc5 20. Nc1 Bb5 21.
Qb3 Rb8 22. Qc2 Bd3 23. Nxd3 exd3 24. Qxd3 Rxb2 25. Qc4 Rd8 26. O-O Rdd2 27. a4
h5 28. Bf3 Qa5 29. Rad1 Rdc2 30. Rc1 Rd2 31. e4 Ra2 32. Ra1 Rac2 1/2-1/2

[Event "Oberliga Ost A"]
[Site "?"]
[Date "2022.04.03"]
[Round "11.1"]
[White "Paul, Johannes"]
[Black "Burian, Simon"]
[Result "1-0"]
[WhiteElo "2278"]
[BlackElo "2172"]
[PlyCount "67"]
[EventDate "2021.10.10"]
[EventType "team-tourn"]
[EventCountry "GER"]
[WhiteTeam "Magdeburg SG Aufbau Elbe II"]
[BlackTeam "Plauen SK Koenig"]
[WhiteTeamCountry "GER"]
[BlackTeamCountry "GER"]

1. d4 Nf6 2. c4 c5 3. d5 b5 4. cxb5 a6 5. bxa6 g6 6. Nc3 Bg7 7. e4 O-O 8. a7
Rxa7 9. Nf3 d6 10. Be2 Ba6 11. O-O Nbd7 12. a4 Qa8 13. Nb5 Rb7 14. Ra3 Nb6 15.
Qc2 Ne8 16. h4 Nc8 17. h5 Qb8 18. Ng5 Bxb5 19. Bxb5 Na7 20. Bxe8 Rxe8 21. Rh3
h6 22. hxg6 hxg5 23. gxf7+ Kxf7 24. e5 Rh8 25. Qf5+ Ke8 26. Qg6+ Kd7 27. Qxg7
Rxh3 28. gxh3 dxe5 29. Re1 Rb4 30. Rxe5 Nc8 31. Bxg5 Qd6 32. Bxe7 Nxe7 33. Re6
Qxd5 34. Rxe7+ 1-0

[Event "Oberliga Ost A"]
[Site "?"]
[Date "2022.04.03"]
[Round "11.2"]
[White "Zaehringer, Daniel"]
[Black "Armbrust, Florian"]
[Result "1-0"]
[WhiteElo "2137"]
[BlackElo "2297"]
[PlyCount "117"]
[EventDate "2021.10.10"]
[EventType "team-tourn"]
[EventCountry "GER"]
[WhiteTeam "Plauen SK Koenig"]
[BlackTeam "Magdeburg SG Aufbau Elbe II"]
[WhiteTeamCountry "GER"]
[BlackTeamCountry "GER"]

1. d4 Nf6 2. c4 c5 3. d5 e5 4. Nc3 d6 5. e4 Be7 6. g3 O-O 7. Bg2 Na6 8. Nge2
Nc7 9. O-O Rb8 10. a4 b6 11. f4 a6 12. Qd3 Nfe8 13. Be3 Bd7 14. b3 Bf6 15. f5
b5 16. axb5 axb5 17. Kh1 Bc8 18. Rfb1 bxc4 19. bxc4 Rxb1+ 20. Qxb1 Na6 21. Ng1
Bg5 22. Bf2 Nb4 23. Nf3 Bh6 24. Na2 Nxa2 25. Rxa2 Nf6 26. h3 Nd7 27. Bf1 Qb6
28. Qxb6 Nxb6 29. Ra7 Rd8 30. Be1 Rd7 31. Ra1 Kf8 32. Kg2 Be3 33. Bd3 Rb7 34.
Kf1 Nd7 35. Ra8 Rb8 36. Ra7 Ke7 37. Ke2 Bd4 38. Bc2 Rb7 39. Rxb7 Bxb7 40. Ba4
Nf6 41. Kd3 h5 42. Bd1 Ba6 43. g4 hxg4 44. hxg4 Nd7 45. g5 Bc8 46. Nh4 Nf8 47.
Bg4 Ke8 48. f6 gxf6 49. Bxc8 fxg5 50. Nf3 f6 51. Bf5 Kf7 52. Ba5 Ng6 53. Bxg6+
Kxg6 54. Bc7 g4 55. Nh4+ Kg5 56. Nf5 Kf4 57. Bxd6 g3 58. Nxg3 Kxg3 59. Be7 1-0

[Event "Oberliga Ost A"]
[Site "?"]
[Date "2022.04.03"]
[Round "11.3"]
[White "Schoene, Maria"]
[Black "Kunze, Carlo"]
[Result "1/2-1/2"]
[WhiteElo "2218"]
[BlackElo "2267"]
[PlyCount "113"]
[EventDate "2021.10.10"]
[EventType "team-tourn"]
[EventCountry "GER"]
[WhiteTeam "Magdeburg SG Aufbau Elbe II"]
[BlackTeam "Plauen SK Koenig"]
[WhiteTeamCountry "GER"]
[BlackTeamCountry "GER"]

1. e4 Nf6 2. e5 Nd5 3. c4 Nb6 4. d4 d6 5. exd6 exd6 6. h3 Nc6 7. Nf3 Bf5 8. d5
Ne5 9. Nd4 Bg6 10. Nc3 c5 11. Ndb5 Be7 12. Na3 O-O 13. Be2 Bg5 14. O-O Bxc1 15.
Rxc1 f5 16. f4 Nf7 17. Bd3 a6 18. Nc2 Qd7 19. b3 Rae8 20. Qd2 Na8 21. Rce1 Nc7
22. Rxe8 Rxe8 23. Re1 Nh6 24. Rxe8+ Bxe8 25. a3 Qe7 26. Qe1 Qxe1+ 27. Nxe1 Bd7
28. Nc2 Kf7 29. Ne3 g6 30. Kf2 Ng8 31. g4 Ne7 32. Kf3 Kf6 33. Ne2 b6 34. Ng3
Ne8 35. g5+ Kf7 36. h4 Nc7 37. Ke2 Ke8 38. Kd2 Kd8 39. h5 Ke8 40. h6 Kd8 41.
Kc3 Ne8 42. Ng2 Nc7 43. Nh4 Ke8 44. Bxf5 Bxf5 45. Ngxf5 gxf5 46. g6 Ncxd5+ 47.
cxd5 Nxd5+ 48. Kd2 Nf6 49. Nxf5 Kd7 50. Ne3 hxg6 51. Nd5 Ke6 52. Nxb6 Kf7 53.
Kd3 Kg8 54. Nc4 d5 55. Ne5 Kh7 56. Nf7 Nh5 57. Ke3 1/2-1/2

[Event "Oberliga Ost A"]
[Site "?"]
[Date "2022.04.03"]
[Round "11.4"]
[White "Sandner, Gunter"]
[Black "Rafayevych, Vilen"]
[Result "1-0"]
[WhiteElo "2257"]
[BlackElo "2156"]
[PlyCount "147"]
[EventDate "2021.10.10"]
[EventType "team-tourn"]
[EventCountry "GER"]
[WhiteTeam "Plauen SK Koenig"]
[BlackTeam "Magdeburg SG Aufbau Elbe II"]
[WhiteTeamCountry "GER"]
[BlackTeamCountry "GER"]

1. d4 Nf6 2. Nf3 d5 3. c4 e6 4. g3 Be7 5. Bg2 O-O 6. O-O c6 7. Qc2 Nbd7 8. Nbd2
b6 9. e4 dxe4 10. Nxe4 Bb7 11. Bf4 Nxe4 12. Qxe4 Nf6 13. Qe2 c5 14. Rad1 cxd4
15. Nxd4 Qc8 16. b3 a6 17. Nf5 exf5 18. Qxe7 Bxg2 19. Kxg2 Qc6+ 20. f3 Rfe8 21.
Qd6 Rac8 22. Qxc6 Rxc6 23. Rfe1 Kf8 24. Kf2 Ree6 25. Rxe6 Rxe6 26. Rd8+ Ke7 27.
Ra8 a5 28. Be3 Nd7 29. c5 bxc5 30. Rxa5 Kd6 31. Ke2 Kc6 32. Ra7 g5 33. Kf2 h6
34. a4 Ne5 35. Ra6+ Kd5 36. Rxe6 fxe6 37. a5 Nd3+ 38. Ke2 Nb4 39. g4 Kc6 40. h4
f4 41. Bd2 Nc2 42. hxg5 Nd4+ 43. Kd3 hxg5 44. Ke4 Nxb3 45. Bc3 Kb5 46. Ke5 Nxa5
47. Kxe6 Nc6 48. Kd5 Nb4+ 49. Ke4 Kc4 50. Bf6 Nd3 51. Bxg5 Nf2+ 52. Kf5 Kd4 53.
Bxf4 Nd3 54. Bd2 Ne5 55. f4 Nf3 56. g5 Nxd2 57. g6 c4 58. g7 c3 59. g8=Q c2 60.
Qg1+ Kd3 61. Kg6 Nf3 62. Qc1 Ke4 63. Qxc2+ Kxf4 64. Kf6 Nd4 65. Qa4 Ke4 66. Qc4
Ke3 67. Ke5 Nf3+ 68. Kd5 Kf2 69. Qc5+ Kg3 70. Ke4 Nd2+ 71. Kd3 Nf3 72. Ke3 Nh4
73. Qg5+ Kh3 74. Kf2 1-0

[Event "Oberliga Ost A"]
[Site "?"]
[Date "2022.04.03"]
[Round "11.5"]
[White "Wagner, Benjamin"]
[Black "Pfretzschner, Roland"]
[Result "1-0"]
[WhiteElo "2036"]
[BlackElo "2212"]
[PlyCount "59"]
[EventDate "2021.10.10"]
[EventType "team-tourn"]
[EventCountry "GER"]
[WhiteTeam "Magdeburg SG Aufbau Elbe II"]
[BlackTeam "Plauen SK Koenig"]
[WhiteTeamCountry "GER"]
[BlackTeamCountry "GER"]

1. e4 c5 2. Nf3 e6 3. d4 cxd4 4. Nxd4 a6 5. Bd3 Bc5 6. Nb3 Be7 7. O-O d6 8. f4
Nc6 9. c4 Nf6 10. Nc3 O-O 11. Qe2 Qc7 12. Bd2 Rd8 13. Rae1 Nd7 14. Kh1 b6 15.
Nd5 exd5 16. exd5 Nce5 17. fxe5 Nxe5 18. c5 bxc5 19. Ba5 Qb7 20. Nxc5 dxc5 21.
Bxd8 Bd6 22. Ba5 Bg4 23. Qe3 Nxd3 24. Qxd3 Bd7 25. Qf3 Bb5 26. Rf2 Bc4 27. Rd2
Bxa2 28. b4 Bc4 29. bxc5 Bxc5 30. d6 1-0

[Event "Oberliga Ost A"]
[Site "?"]
[Date "2022.04.03"]
[Round "11.6"]
[White "Hoerr, Matthias"]
[Black "Sieber, Martin"]
[Result "1/2-1/2"]
[WhiteElo "2146"]
[BlackElo "1922"]
[PlyCount "167"]
[EventDate "2021.10.10"]
[EventType "team-tourn"]
[EventCountry "GER"]
[WhiteTeam "Plauen SK Koenig"]
[BlackTeam "Magdeburg SG Aufbau Elbe II"]
[WhiteTeamCountry "GER"]
[BlackTeamCountry "GER"]

{[%evp 0,19,21,21,49,49,36,34,24,9,-10,-4,-4,16,17,30,46,37,36,28,28,0]} 1. e4
e6 2. d4 d5 3. Nd2 Nf6 4. e5 Nfd7 5. Bd3 c5 6. c3 b6 7. Ne2 Ba6 8. Bxa6 Nxa6 9.
O-O Be7 10. Nf4 g6 11. Qg4 Qc7 12. Nf3 O-O-O 13. Ng5 Bxg5 14. Qxg5 h6 15. Qg3
Kb7 16. Bd2 cxd4 17. cxd4 Qc2 18. Bc3 Qf5 19. b4 Rdg8 20. a4 g5 21. Nd3 Rc8 22.
Rfc1 h5 23. Qe3 g4 24. b5 Nc7 25. Qe2 h4 26. Nb4 Qe4 27. Qf1 g3 28. Re1 gxh2+
29. Kh1 Qg4 30. Re3 Rcg8 31. Rf3 h3 32. Rg3 Qe4 33. Re1 hxg2+ 34. Qxg2 Qxg2+
35. Rxg2 Rxg2 36. Kxg2 f6 37. f4 Rh4 38. Nd3 a6 39. bxa6+ Nxa6 40. Rh1 b5 41.
axb5 Nc7 42. Be1 Rh8 43. exf6 Nxf6 44. Rxh2 Rxh2+ 45. Kxh2 Ne4 46. Bb4 Kb6 47.
Kg2 Kxb5 48. Kf3 Kc4 49. Ke3 Ng3 50. Ba5 Nf5+ 51. Kd2 Nb5 52. Bb6 Nbxd4 53.
Ne5+ Kb5 54. Ba7 Nc6 55. Nxc6 Kxc6 56. Kd3 Kd6 57. Bb8+ Ke7 58. Ke2 Kf6 59. Kf3
Nd4+ 60. Kg4 Nb3 61. Be5+ Kg6 62. Bd6 d4 63. Kf3 d3 64. Ke3 d2 65. Ke2 Kf5 66.
Bb8 Ke4 67. Bc7 Kd4 68. Be5+ Kc4 69. Bg7 Kb4 70. Kd1 Kc4 71. Ke2 Kd5 72. Be5
Na5 73. Kxd2 Nc4+ 74. Kd3 Nxe5+ 75. fxe5 Kxe5 76. Ke3 Kf5 77. Kf3 e5 78. Ke3 e4
79. Ke2 Kf4 80. Kf2 e3+ 81. Ke2 Ke4 82. Ke1 Kd4 83. Ke2 Kd5 84. Kxe3 1/2-1/2